| 000 | 00633nam a2200169 i 4500 | ||
|---|---|---|---|
| 001 | 64076 | ||
| 003 | ES-MaACL | ||
| 005 | 20230906165032.0 | ||
| 007 | t| | ||
| 008 | 031219s1912 sp ||||1| spa d | ||
| 100 | 1 |
_aFiter e Inglés, José. _951060 |
|
| 245 | 1 | 0 |
_aEnciclopedia moderna catalana ab la sena correspondencia castellana _b: diccionari catala-castella / _cper Jose Fiter e Inglés. |
| 260 |
_aBarcelona : _b[s.n., _c1912] ( _fTip. Modesto Berdós) |
||
| 300 |
_a5 v. ; _c17 cm. |
||
| 505 | 8 | _aContiene: V.I: A-C. -- V.II: D-K. -- V.III: L-P. -- V.IV: P-T. -- V.V: U-Z y apéndice | |
| 852 |
_aES-MaACL _jA-5136-40 _bR.17085 |
||
| 999 |
_c64076 _d64076 |
||